| 000 | 00000nam 22000008i 4500 |
| 001 | 9.892901 |
| 003 | CaOODSP |
| 005 | 20221107173311 |
| 006 | m o d f |
| 007 | cr |n||||||||| |
| 008 | 201027s2020 onca o f000 0 fre d |
| 020 | |a9780660364377 |
| 040 | |aCaOODSP|bfre|erda|cCaOODSP |
| 043 | |an-cn--- |
| 086 | 1 |aM124-10/3-2020F-PDF |
| 245 | 00|aInfrastructure canadienne de données géospatiales. |
| 264 | 1|a[Ottawa] : |bRessources naturelles Canada = Natural Resources Canada, |c[2020] |
| 300 | |a1 ressource en ligne (1 page non numérotée) : |billustrations |
| 336 | |atexte|btxt|2rdacontent/fre |
| 337 | |ainformatique|bc|2rdamedia/fre |
| 338 | |aressource en ligne|bcr|2rdacarrier/fre |
| 500 | |aTitre de départ. |
| 500 | |aPublié aussi en anglais sous le titre : Canadian geospatial data infrastructure. |
| 520 | |a« L’Infrastructure canadienne de données géospatiales (ICDG) est une collection de normes, d’applications, de politiques et de données géospatiales publiques visant à aider la population canadienne à trouver, utiliser et partager de l’information géospatiale. L’ICDG est un « système de systèmes » réparti fondé sur un degré élevé d’interopérabilité » -- Page [1]. |
| 650 | 6|aDonnées géospatiales|zCanada. |
| 710 | 1 |aCanada. |bRessources naturelles Canada, |eorganisme de publication. |
| 775 | 08|tCanadian geospatial data infrastructure.|w(CaOODSP)9.892900 |
| 856 | 40|qPDF|s144 Ko|uhttps://publications.gc.ca/collections/collection_2021/rncan-nrcan/M124-10-3-2020-fra.pdf |